Polyfunkčný bytový dom Karadžičova ulica, Bratislava

Saved in:
Bibliographic Details
Main Author: Sisková, Michaela (Author)
Other Authors: Závodný, Ľubomír (Thesis advisor)
Format: Manuscript Book
Language:Slovak
Published: 2024
Subjects:
Online Access:http://is.stuba.sk/zp/portal_zp.pl?podrobnosti=178940
Tags: Add Tag
No Tags, Be the first to tag this record!

MARC

LEADER 00000ntm a22000003a 4500
001 stuzp99562
003 SK-STU
005 20240608213126.3
007 ta
008 150427s2015----xo-----f-mn---000-0-slo-d
040 |a STU  |b slo 
041 0 |a slo 
100 1 |a Sisková, Michaela  |u 051110  |4 aut  |U FAD Fakulta architektúry a dizajnu  |T FAD Ústav architektúry obytných budov  |X 99269  |U A1110  |Y 392  |7 99269 
242 0 1 |a Multifunctional apartment building Karadžičova street, Bratislava  |y eng 
245 1 0 |a Polyfunkčný bytový dom Karadžičova ulica, Bratislava 
260 |c 2024 
650 4 |a architektúra  |2 slo 
650 4 |a bytový dom  |2 slo 
650 4 |a nájomné bývanie  |2 slo 
650 4 |a architecture  |2 eng 
650 4 |a residential building  |2 eng 
650 4 |a rental housing  |2 eng 
700 1 |a Závodný, Ľubomír  |u 051110  |k Z1  |4 ths  |U FAD Fakulta architektúry a dizajnu  |T FAD Ústav architektúry obytných budov  |X 45410  |U A1110  |Y 392  |7 45410 
856 4 |u http://is.stuba.sk/zp/portal_zp.pl?podrobnosti=178940